NBA All-Time Point Leaders - Statistics

General Stats
  • This quiz has been taken 1,419 times
  • The average score is 11 of 20
Answer Stats
Average Scoring Player % Correct
30.12 Michael Jordan
97%
27.44 LeBron James
92%
30.07 Wilt Chamberlain
81%
25.38 Kobe Bryant
78%
27.33 Kevin Durant
70%
23.69 Shaquille O'Neal
70%
25.02 Karl Malone
68%
27.03 Jerry West
67%
24.29 Larry Bird
67%
24.61 Kareem Abdul-Jabbar
66%
26.66 Allen Iverson
55%
24.18 Dwyane Wade
47%
27.36 Elgin Baylor
43%
25.68 Oscar Robertson
42%
25.21 Carmelo Anthony
40%
24.83 Dominique Wilkins
32%
26.18 George Gervin
30%
26.36 Bob Pettit
27%
24.24 Pete Maravich
20%
24.27 Adrian Dantley
16%
No matching quizzes found
Score Distribution
Percent of People with Each Score
Percentile by Number Answered
Your Score History
You have not taken this quiz